000
00201 a2200097 4500
001
26407
100
_a
Carper, D
245
_a
Basic electronics
260
_a
_b
Merril pub co
_c
090
_c
17744
_d
17744
942
_a
NUST-CAE
_c
M
_c
8607
999
_c
261480
_d
261480